| 000 | 00564nam a2200181 a 4500 | ||
|---|---|---|---|
| 005 | 20140311163014.0 | ||
| 008 | 061004s19uu xx 00 eng d | ||
| 020 | _a1591393469 | ||
| 050 |
_aHD 38 _b.R414 2004 |
||
| 245 |
_aThe results-driven manager: _bmanaging yourself for the career you want./ |
||
| 260 |
_aBoston, Massachesetts : _bHarvard Business School Press, _c2004. |
||
| 300 |
_a169 p. : _bill. ; _c24 cm. |
||
| 521 | _aBSBA | ||
| 650 |
_aManagement _xVocational guidance. |
||
| 650 | _aCareer development. | ||
| 942 |
_cBK _2lcc _kFOR |
||
| 999 |
_c39406 _d39406 |
||